| 000 | 00867nam a22002777a 4500 | ||
|---|---|---|---|
| 999 |
_c200459931 _d78143 |
||
| 003 | TR-AnTOB | ||
| 005 | 20240426103121.0 | ||
| 008 | 240426b ||||| |||| 00| 0 tur d | ||
| 020 | _a9786052521809 | ||
| 040 |
_aTR-AnTOB _beng _cTR-AnTOB _erda |
||
| 041 | _atur | ||
| 092 | _a807.7 TRE 2016 | ||
| 100 | _0Tredez, Emmanuel | ||
| 245 |
_aKüçük ve büyük sorular : _bSosyal ağlar nasıl çalışır ve onları nasıl kullanırız?/ _cmmanuel Tredez Halfbob ;çeviri Aynur Aldaş Açkalmaz. |
||
| 250 | _a1.bs | ||
| 260 |
_aİstanbul: _bAkan Ajans, _c2016. |
||
| 300 |
_a[48] Pages: _bİll; _c22 cm. |
||
| 336 |
_2rdacontent _atext _btxt |
||
| 337 |
_2rdamedia _aunmediated _bn |
||
| 338 |
_2rdacarrier _avolume _bnc |
||
| 490 | _v1 | ||
| 653 | _asosyal ağlar | ||
| 942 |
_2ddc _cBK |
||